000 00806cam a2200265 4500
001 J1607
008 090401t1993 xxu||||| |||| 00| 0 eng d
035 _a(Sirsi) u44431
041 _aeng
050 _a333.33
100 _aAvis, Martin
245 4 _aThe creation of added value from positive management of property.
260 _aLondon
_bSouth Bank University
_c1993
300 _a11p. ; 30cm.
350 _a0
520 _aThe Nelson Bakewell - South Bank University Annual Estate Management Lecture 1993, 9th June 1993.
650 _aNELSON BAKEWELL LECTURE
650 _aPROPERTY ASSETS
650 _aProperty management
_96262
690 _aPROPERTY LAW AND PRACTICE
710 _aNelson Bakewell
_92525
710 _aSouth Bank University
_9492
942 _n0
948 _c04/03/1997
999 _c91525
_d91525